C# Keywords - Statistics

General Stats
  • This quiz has been taken 47 times
  • The average score is 35 of 77
Answer Stats
Answer % Correct
if
94%
do
91%
in
88%
while
88%
else
82%
for
82%
int
82%
string
76%
double
74%
float
74%
public
71%
private
68%
return
68%
as
65%
char
65%
class
65%
protected
65%
void
65%
break
62%
long
62%
short
62%
bool
59%
byte
59%
catch
59%
case
56%
foreach
56%
static
56%
struct
56%
using
56%
continue
53%
switch
53%
try
53%
abstract
50%
const
50%
new
50%
enum
47%
namespace
47%
uint
47%
virtual
47%
false
44%
is
44%
true
44%
ulong
44%
null
41%
finally
38%
goto
38%
object
38%
throw
38%
ushort
38%
extern
35%
interface
35%
internal
35%
volatile
35%
out
29%
override
29%
this
29%
default
26%
sizeof
26%
unsafe
26%
decimal
24%
delegate
24%
ref
24%
typeof
24%
base
21%
operator
21%
readonly
21%
sealed
21%
event
15%
explicit
15%
params
15%
sbyte
15%
implicit
12%
lock
12%
stackalloc
12%
fixed
9%
checked
6%
unchecked
6%
No matching quizzes found
Score Distribution
Percent of People with Each Score
Percentile by Number Answered
Your Score History
You have not taken this quiz